000
00289nam a22001337a 4500
008
210310b ||||| |||| 00| 0 eng d
041
_a
eng
080
_a
070
082
_a
070
100
_a
40
101
_a
MED
245
_a
Television is the new Television
_c
Wolff,M
942
_2
udc
_c
BK
999
_c
56137
_d
56137